000 00346nam a2200133Ia 4500
008 240624s9999 xx 000 0 und d
041 _aeng
082 _a332.64 JOH
100 _aJOHNSON R STAFFORD
245 _aDERIVATIVES MARKETS AND ANALYSIS
260 _c2017
_aNew Jersey
_bBloomberg Press
300 _axiv, 770 p.; 23 cm.
365 _c
_b30
999 _c30284
_d30284